[Event "SRB-ch sf"]
[Site "Kragujevac"]
[Date "2019.03.12"]
[Round "7"]
[White "Omorjan, Dejan"]
[Black "Stefanovic, Goran"]
[Result "1-0"]
[WhiteElo "2246"]
[BlackElo "2012"]
[PlyCount "93"]
[EventDate "2019.03.08"]
[EventType "swiss"]
[EventRounds "9"]
[EventCountry "SRB"]
[SourceTitle "CBM 189 Extra"]
[Source "ChessBase"]
[SourceDate "2019.05.31"]
[SourceVersion "1"]
[SourceVersionDate "2019.05.31"]
[SourceQuality "1"]

1. e4 e5 2. Nf3 d6 3. d4 Nf6 4. dxe5 Nxe4 5. Bc4 Nc5 6. 0-0 Be7 7. exd6 cxd6 8. Nc3 0-0 9. Bf4 Be6 10. Nd5 Bxd5 11. Qxd5 Nc6 12. c3 Qb6 13. b4 Ne6 14. Be3 Qc7 15. Bb3 Bf6 16. Rac1 Rfd8 17. Rfd1 a6 18. a3 Rac8 19. Qe4 Re8 20. Qf5 Qe7 21. Qd3 Ne5 22. Nxe5 dxe5 23. Qe4 b5 24. c4 Nd4 25. Bxd4 exd4 26. Qxe7 Bxe7 27. c5 Bf6 28. Bd5 Rc7 29. Rd3 Kf8 30. g3 h6 31. Bf3 g6 32. Kg2 h5 33. h4 Bg7 34. Rcd1 Rd8 35. Rb1 Rb8 36. Re1 Re8 37. Rc1 f5 38. Ra1 a5 39. bxa5 Rxc5 40. a6 Re4 41. a7 Rc8 42. Rc1 Ra8 43. Rc7 Be5 44. Rb7 Re1 45. Bd5 Bd6 46. Rf7+ Ke8 47. Bxa8 1-0